The Two Captains (Record no. 232158)
[ view plain ]
| 000 -LEADER | |
|---|---|
| fixed length control field | 01007cam a22002773a 4500 |
| 001 - CONTROL NUMBER | |
| control field | 2826 |
| 003 - CONTROL NUMBER IDENTIFIER | |
| control field | PGUSA |
| 005 - DATE AND TIME OF LATEST TRANSACTION | |
| control field | 20140828083022.0 |
| 008 - FIXED-LENGTH DATA ELEMENTS--GENERAL INFORMATION | |
| fixed length control field | 010901s2001||||xxu|||||s|||||000 1 eng d |
| 040 ## - CATALOGING SOURCE | |
| Original cataloging agency | PGUSA |
| Language of cataloging | eng |
| 042 ## - AUTHENTICATION CODE | |
| Authentication code | dc |
| 050 #4 - LIBRARY OF CONGRESS CALL NUMBER | |
| Classification number | PT |
| 100 1# - MAIN ENTRY--PERSONAL NAME | |
| Personal name | La Motte-Fouqué, Friedrich Heinrich Karl, Freiherr de, |
| Dates associated with a name | 1777-1843 |
| 245 14 - TITLE STATEMENT | |
| Title | The Two Captains |
| Medium | [electronic resource] / |
| Statement of responsibility, etc | Friedrich Heinrich Karl, Freiherr de La Motte-Fouqué |
| 260 ## - PUBLICATION, DISTRIBUTION, ETC. (IMPRINT) | |
| Name of publisher, distributor, etc | Project Gutenberg, |
| Date of publication, distribution, etc | 2001 |
| 506 ## - RESTRICTIONS ON ACCESS NOTE | |
| Terms governing access | Public domain in the USA. |
| 516 ## - TYPE OF COMPUTER FILE OR DATA NOTE | |
| Type of computer file or data note | Electronic text |
| 653 ## - INDEX TERM--UNCONTROLLED | |
| Uncontrolled term | Spain -- History -- Conquest of Tunis, 1535 -- Fiction |
| 653 ## - INDEX TERM--UNCONTROLLED | |
| Uncontrolled term | Knights and knighthood -- Fiction |
| 653 ## - INDEX TERM--UNCONTROLLED | |
| Uncontrolled term | Charles V, Holy Roman Emperor, 1500-1558 -- Fiction |
| 653 ## - INDEX TERM--UNCONTROLLED | |
| Uncontrolled term | Germany -- History -- Reformation and Counter-Reformation, 1517-1618 -- Fiction |
| 653 ## - INDEX TERM--UNCONTROLLED | |
| Uncontrolled term | German fiction -- Translations into English |
| 830 #0 - SERIES ADDED ENTRY--UNIFORM TITLE | |
| Uniform title | Project Gutenberg |
| Volume number/sequential designation | 2826 |
| 856 40 - ELECTRONIC LOCATION AND ACCESS | |
| Uniform Resource Identifier | <a href="http://www.gutenberg.org/ebooks/2826">http://www.gutenberg.org/ebooks/2826</a> |
| 942 ## - ADDED ENTRY ELEMENTS (KOHA) | |
| Koha item type | eBooks |
| Withdrawn status | Lost status | Damaged status | Home library | Current library | Date acquired | Total Checkouts | Date last seen | Price effective from | Koha item type |
|---|---|---|---|---|---|---|---|---|---|
| Project Gutenberg | Project Gutenberg | 08/28/2014 | 08/28/2014 | 08/28/2014 | eBooks |